History of Woman's Missionary Union / (Record no. 1729)

MARC details
000 -LEADER
fixed length control field 00840cam a22002771a 4500
001 - CONTROL NUMBER
control field 6112406
003 - CONTROL NUMBER IDENTIFIER
control field GBCCL
005 - DATE AND TIME OF LATEST TRANSACTION
control field 20241126110408.0
008 - FIXED-LENGTH DATA ELEMENTS--GENERAL INFORMATION
fixed length control field 921113s1964 nyu 000 0 eng
010 ## -
-- 64019978
035 ## - SYSTEM CONTROL NUMBER
System control number (OCoLC)26966682
040 ## - CATALOGING SOURCE
Original cataloging agency DLC
Transcribing agency NcMfC
Modifying agency ArLUA
-- DLC
042 ## -
-- premarc
050 00 -
-- BV2520.A74
-- H8
082 ## - DEWEY DECIMAL CLASSIFICATION NUMBER
Classification number 266.613206
Item number HUN
100 1# - MAIN ENTRY--PERSONAL NAME
Personal name Hunt, Alma.
9 (RLIN) 3559
245 10 - TITLE STATEMENT
Title History of Woman's Missionary Union /
Statement of responsibility, etc. Alma Hunt.
260 ## - PUBLICATION, DISTRIBUTION, ETC.
Place of publication, distribution, etc. Nashville, Tn. :
Name of publisher, distributor, etc. Convention Press,
Date of publication, distribution, etc. 1964.
300 ## - PHYSICAL DESCRIPTION
Extent xi, 209 p. ;
Dimensions 21 cm.
504 ## - BIBLIOGRAPHY, ETC. NOTE
Bibliography, etc. note Includes bibliographical notes (p. 195-198) and appendix.
650 #0 - SUBJECT ADDED ENTRY--TOPICAL TERM
Topical term or geographic name entry element Southern Baptist Convention.
9 (RLIN) 3560
650 #0 - SUBJECT ADDED ENTRY--TOPICAL TERM
Topical term or geographic name entry element Women's Missionary Union.
9 (RLIN) 3561
650 #0 - SUBJECT ADDED ENTRY--TOPICAL TERM
Topical term or geographic name entry element WMU.
9 (RLIN) 3562
906 ## - LOCAL DATA ELEMENT F, LDF (RLIN)
a 7
b cbc
c oclcrpl
d u
e ncip
f 19
g y-gencatlg
942 ## - ADDED ENTRY ELEMENTS (KOHA)
Source of classification or shelving scheme Dewey Decimal Classification
Koha item type Books
Koha issues (borrowed), all copies 2
Holdings
Withdrawn status Lost status Source of classification or shelving scheme Damaged status Not for loan Home library Current Library Shelving location Date acquired Total checkouts Full call number Barcode Date last seen Date last checked out Copy number Price effective from Koha item type
    Dewey Decimal Classification     GRACE BIBLE COLLEGE GRACE BIBLE COLLEGE Ministry & Mission 2017-05-22 2 266.613206 HUN 008979 2025-05-01 2023-03-17 c.1 2017-05-22 Books
© Grace Bible College Library 2025